| 000 | 00645nam a22002172 4500 | ||
|---|---|---|---|
| 001 | 0000023617 | ||
| 005 | 20151217152245.0 | ||
| 008 | 130311s xx 000 0 eng d | ||
| 020 | _a1420064476 : | ||
| 040 |
_aKABU _cKABU |
||
| 100 | 1 |
_aRothwell, Edward J. _@0000183165 |
|
| 245 | 1 | 0 |
_aElectromagnetics / _cEdward J. Rothwell, Michael J. Cloud. |
| 250 | _a2nd ed. | ||
| 260 |
_aLondon : _bCRC Press, _c2009. |
||
| 300 | _axiii, 687 p. | ||
| 650 | 0 |
_aElectromagnetic theory. _@0000153939 |
|
| 700 | 1 |
_aCloud, Michael J. _@0000183166 |
|
| 852 | 1 | _9p3995 KES | |
| 908 | _a130311 | ||
| 950 | _@1 | ||
| 999 |
_c9892 _d9892 |
||